| 000 | 00354cam a2200133ua 4500 | ||
|---|---|---|---|
| 020 | _a0-471-11690-4 | ||
| 082 |
_a620.82 _bSAL/HA |
||
| 100 |
_aSalvendr, Gavriel . _91261 |
||
| 245 | _aHand book of human factors and ergonomics / | ||
| 250 | _a2 / | ||
| 260 |
_aNew York : _bWiley Interscience publications , _c1997. |
||
| 300 | _a2137 ; . | ||
| 942 | _cBK | ||
| 999 |
_c5388 _d5388 |
||